Casa Cooper (Registro nro. 22025)

Detalles MARC
000 -Cabecera
Campo de control interno 01067nam a2200265Ia 4500
005 - Fecha y hora del registro
control field 20260320113335.0
008 - Elementos de Longitud Fija
fixed length control field 260320s9999||||xx |||||||||||||| ||und||
020 ## - ISBN
ISBN 9786124755583
041 ## - Idioma
Codigo Idioma ESP
082 ## - DEWEY y NOTACIÓN INTERNA
Dewey 728.8
Notación Interna C77
100 ## - AUTOR
Autor denominación Cooper, Frederick,
Término de relación autor
245 #0 - TÍTULO DE MATERIAL BIBLIOGRÁFICO
Título Casa Cooper
Título paralelo
246 ## - TÍTULO TRADUCIDO
Título
Título paralelo
Autor
250 ## - EDICIÓN
Edición Segunda edición
260 ## - CIUDAD, EDITORIAL, AÑO
Ciudad Lima :
Nombre de la Editorial Pontificia Universidad Católica del Perú. Facultad de Arquitectura y Urbanismo,
Año 2022
300 ## - DESCRIPCIÓN
N° Páginas 183 páginas :
Otros detalles ilustraciones, fotografías, planos ;
Dimensiones 21 cm.
Material Adicional
440 ## - MENCIÓN DE SERIE
Título de la Serie (Colección Cuerpo docente
Número de Serie ; número 01)
Volumen de Serie
650 ## - TEMAS
Temas Las Artes
653 ## - DESCRIPTORES
Lenguajes no controlado Arquitectura doméstica - Lima (Perú) - Historia - Siglo XX; Diseño arquitectónico de casas - Lima (Perú)
654 ## - PROGRAMAS
Programa Dpto. Arquitectura y Urbanismo
700 ## - OTROS AUTORES
Otros autores Calmell del Solar, Alessandra; Cillóniz, Sebastián; Villanueva, José Luis,
Títulos y otras palabras asociadas con el nombre autores
856 ## - URL - UBICACIÓN
URI/URL: Enlace exacto del recurso <a href="https://0u210nv2c-y-https-www-architectureopenlibrary-com.itmsp.museknowledge.com/">https://0u210nv2c-y-https-www-architectureopenlibrary-com.itmsp.museknowledge.com/</a>
Nota pública: Versión digital <a href="Véase además: Base de datos Architecture Open Library">Véase además: Base de datos Architecture Open Library</a>
942 ## - ELEMENTOS DE KOHA
Tipo de documento Libro
Nombre del creador Justo Noguera
Código de catalogador Margarita Torres
Esquema de clasificación Dewey Decimal Classification
Suppress in OPAC
Existencias
Codigo completo Registro Colección Copia número Disponibilidad Tipo de préstamo Biblioteca Actual Procedencia (Biblioteca) Ubicacón Fecha Ingreso Tipo de Adquisición Observación Date last seen Total checkouts Price effective from Tipo de Item Estado del Material Fuente de Clasificación Damaged status Withdrawn status
728.8 C77 1087251 Universidad Católica San Pablo 1 Disponible Disponible Víctor Andrés Belaunde Víctor Andrés Belaunde Segundo piso 10/03/2026 Donación Tatiana Medina 20/03/2026   20/03/2026 Libro Bueno Dewey Decimal Classification